| 000 | 00676nam a22001937a 4500 | ||
|---|---|---|---|
| 003 | OSt | ||
| 005 | 20180116183028.0 | ||
| 008 | 151216b xxu||||| |||| 00| 0 eng d | ||
| 020 | _a 01-001-2014-2 | ||
| 024 | _2 01-001-2014-2 | ||
| 040 | _cLUMS | ||
| 082 | _a174.4 LUM 2014 | ||
| 100 | _aALAM A | ||
| 245 |
_aMEASUREMENT OF TANGIBLE LONG-TERM ASSETS UNDER INTERNATIONAL ACCOUNTING STANDARD 16 IN THE AIRLINES INDUSTRY _cALAM A |
||
| 260 |
_aLahore LUMS _bLahore University of Management Sciences _c2014 |
||
| 300 | _a46 p. | ||
| 440 | _aMEASUREMENT OF TANGIBLE LONG-TERM ASSETS UNDER INTERNATIONAL ACCOUNTING STANDARD 16 IN THE AIRLINES INDUSTRY | ||
| 942 |
_2ddc _cCS |
||
| 999 |
_c350881 _d350881 |
||